| 000 | 00833cam a2200277 4500 | ||
|---|---|---|---|
| 008 | 090401t1991 xxu||||| |||| 00| 0 eng d | ||
| 020 | _a0905488164 | ||
| 035 | _a(Sirsi) u70105 | ||
| 041 | _aeng | ||
| 050 | _a696 | ||
| 100 | _aGriffiths, P.A. | ||
| 245 | _aBuilding engineering services: a practice manual for quantity surveyors. Volume three: contrct administration. | ||
| 260 |
_aNottingham _bNotingham Polytechnic _c1991 |
||
| 300 | _avi,127p. ; 30cm. | ||
| 350 | _a15 | ||
| 650 | _aBUILDING ENGINEERING SERVICES | ||
| 650 |
_aBlock management _96220 |
||
| 650 | _aCONTRACT ADMINISTRATION | ||
| 650 |
_aContracts _96232 |
||
| 650 | _aQUANTITY SURVEYORS | ||
| 690 |
_aBlock management _96220 |
||
| 700 |
_aWinfield, Roger _xEditor |
||
| 710 |
_aNottingham Polytechnic _9109 |
||
| 942 | _n0 | ||
| 948 | _c04/03/1997 | ||
| 999 |
_c95283 _d95283 |
||